Smallest countries by size - Statistics

General Stats
  • This quiz has been taken 50 times
  • The average score is 11 of 15
Answers on the Map
Answers color-coded by a green-red scale on the quiz's map according to % correct below.
 
Answer Stats
Answer % Correct
Vatican City
92%
Monaco
80%
Tuvalu
78%
Seychelles
76%
Liechtenstein
73%
Nauru
73%
San Marino
71%
St Kitts and Nevis
71%
St Vincent and the Grenadines
71%
Grenada
67%
Maldives
67%
Malta
67%
Antigua and Barbuda
61%
Barbados
59%
Marshall islands
49%
No matching quizzes found
Score Distribution
Percent of People with Each Score
Percentile by Number Answered
Your Score History
You have not taken this quiz